[Event "AUTO-INT-2459"]
[Site "http://www.queenalice.com/game.php?id=1137070"]
[Date "2013.1.4"]
[Round "2"]
[White "VascodaGama"]
[Black "henrique16"]
[Result "0-1"]
[WhiteElo "1530"]
[BlackElo "1410"]

1. e4 e6 2. Nf3 f6 3. Nc3 e5 4. Bc4 Nh6 5. d3 d6 6. Bxh6 gxh6 7. O-O Qe7 8. Nd5
Qd7 9. Nxf6+ Ke7 10. Nxd7 Bxd7 11. Bd5 c6 12. Bb3 h5 13. Ng5 Be8 14. Ne6 Kd7 15.
Nxf8+ Ke7 16. Ne6 Nd7 17. d4 Bg6 0-1

[Event "AUTO-INT-2459"]
[Site "http://www.queenalice.com/game.php?id=1137071"]
[Date "2013.1.4"]
[Round "2"]
[White "henrique16"]
[Black "agsantos"]
[Result "0-1"]
[WhiteElo "1505"]
[BlackElo "1583"]

1. c3 d5 2. d4 Nf6 3. b4 Bd7 4. Nf3 e6 5. Qd3 Bd6 6. h4 Ne4 7. Qe3 O-O 8. h5 h6
9. Nh4 a5 10. bxa5 Be7 11. Nf3 c5 12. Ba3 c4 13. Bc1 Qxa5 14. Ne5 Bg5 15. Qf3
Bxc1 16. Qg4 Bb2 17. Qh4 Bxa1 18. f3 Bxc3+ 19. Nxc3 Qxc3+ 20. Kd1 Ba4# 0-1

[Event "AUTO-INT-2459"]
[Site "http://www.queenalice.com/game.php?id=1137072"]
[Date "2013.1.4"]
[Round "2"]
[White "agsantos"]
[Black "henrique16"]
[Result "1-0"]
[WhiteElo "1596"]
[BlackElo "1411"]

1. e4 e5 2. Nf3 d6 3. d4 f6 4. d5 g5 5. Bd3 a6 6. O-O Ne7 7. c4 c5 8. a3 a5 9.
Nc3 Bd7 10. Qb3 Qc7 11. a4 Ng6 12. Nb5 Qb6 13. Be3 Bg4 14. Nd2 Nh4 15. f3 Bd7
16. g4 Rg8 17. Be2 Bxb5 18. Qxb5+ Qxb5 19. cxb5 b6 20. Nc4 Nd7 21. Bf2 Ng6 22.
Bg3 h6 23. Rfb1 1-0

[Event "AUTO-OPEN-2904"]
[Site "http://www.queenalice.com/game.php?id=1146608"]
[Date "2013.1.29"]
[Round "1"]
[White "henrique16"]
[Black "kudd"]
[Result "0-1"]
[WhiteElo "1519"]
[BlackElo "1572"]

1. e3 e5 2. Qh5 d6 3. Bc4 Qe7 4. b3 Nf6 5. Qe2 a6 6. Nc3 b5 7. Bd3 Nc6 8. g3 e4
9. Bxe4 Nxe4 10. Qf3 f5 11. Nd5 Qd7 12. Bb2 Ne7 13. Nb4 Bb7 14. d3 c5 15. Nxa6
Rxa6 16. h4 Nf6 17. e4 fxe4 18. Qe3 exd3 19. f3 dxc2 20. Rc1 Rxa2 21. Bc3 Ng4
22. Qe2 b4 23. Bd2 Bd5 24. Qd3 Qe6+ 25. Kf1 Bxb3 26. fxg4 Bc4 27. Qxc4 Qxc4+ 28.
Ne2 Rb2 29. Rh2 Qd3 30. Ke1 Rb1 31. Rf2 c4 32. g5 c3 33. Nxc3 bxc3 34. Re2 cxd2+
35. Rxd2 Rxc1+ 36. Rd1 Qxd1+ 37. Kf2 Nf5 38. g4 Qf1# 0-1

[Event "AUTO-OPEN-2904"]
[Site "http://www.queenalice.com/game.php?id=1146609"]
[Date "2013.1.29"]
[Round "1"]
[White "kudd"]
[Black "henrique16"]
[Result "1-0"]
[WhiteElo "1615"]
[BlackElo "1419"]

1. e4 e6 2. e5 Nc6 3. Nf3 h6 4. d4 g5 5. g4 Nb4 6. a3 Nd5 7. Bc4 Nb6 8. Bd3 c6
9. Bd2 d5 10. Ba5 Bd7 11. Nc3 Qb8 12. Qd2 Nc8 13. h4 gxh4 14. Ne2 b6 15. Bc3 a5
16. a4 Qc7 17. Nf4 Be7 18. Nh5 Bf8 19. Nxh4 Nce7 20. f4 O-O-O 21. Be2 Be8 22.
Nf6 Kb8 23. b4 axb4 24. Bxb4 c5 25. dxc5 bxc5 26. Ba5 Qc8 27. Bxd8 Qxd8 28. a5
Nc6 29. a6 Qc7 30. Bb5 c4 31. Nxe8 Qb6 32. Bxc6 Qxc6 33. a7+ Ka8 34. Nd6 Bxd6
35. exd6 Qxd6 36. c3 Nf6 37. Qc1 Nxg4 38. Rg1 Nf6 39. Nf3 Ne4 40. Ne5 Qc5 41.
Rg7 Qf2+ 42. Kd1 Qf1+ 43. Kc2 Qd3+ 44. Nxd3 cxd3+ 45. Kxd3 1-0

[Event "AUTO-OPEN-2904"]
[Site "http://www.queenalice.com/game.php?id=1146610"]
[Date "2013.1.29"]
[Round "1"]
[White "henrique16"]
[Black "smagoo"]
[Result "0-1"]
[WhiteElo "1497"]
[BlackElo "2355"]

1. e3 d5 2. d4 Nf6 3. c3 Bg4 4. f3 Bh5 5. g4 Bg6 6. Qe2 e6 7. Qb5+ Nbd7 8. Qxb7
Rb8 9. Qxa7 Nxg4 10. fxg4 Be4 11. Qa6 Bxh1 12. Qe2 Be4 13. Nd2 Qh4+ 14. Qf2 Qxg4
15. Bh3 Qg6 16. b4 Be7 17. Ne2 O-O 18. Nf4 Qh6 19. Qg3 Bh4 20. Nf1 Bxg3+ 21.
hxg3 g5 22. Ne2 Qxh3 23. Ba3 Bd3 24. Kd2 Bxe2 25. Kxe2 Qg2+ 26. Ke1 e5 27. dxe5
Nxe5 28. Rd1 Nf3# 0-1

[Event "AUTO-OPEN-2904"]
[Site "http://www.queenalice.com/game.php?id=1146611"]
[Date "2013.1.29"]
[Round "1"]
[White "smagoo"]
[Black "henrique16"]
[Result "1-0"]
[WhiteElo "2354"]
[BlackElo "1476"]

1. d4 e6 2. c4 Nf6 3. Nc3 c6 4. e4 Qa5 5. Bd2 Qb4 6. e5 Ng8 7. Nb5 Qxb2 8. Nc7+
Kd8 9. Nxa8 Qxd4 10. Bg5+ Be7 11. Bxe7+ Kxe7 12. Qxd4 Kd8 13. Qd6 Na6 14. c5 Nh6
15. Bxa6 bxa6 16. Qc7+ Ke7 17. Qxa7 f5 18. Nb6 Rd8 19. Rd1 Kf8 20. Nxc8 Rxc8 21.
Rxd7 Re8 22. Rxg7 f4 23. Rxh7 Rd8 24. Qg7+ Ke8 25. Qe7# 1-0

[Event "AUTO-OPEN-2904"]
[Site "http://www.queenalice.com/game.php?id=1146612"]
[Date "2013.1.29"]
[Round "1"]
[White "henrique16"]
[Black "LUKK"]
[Result "0-1"]
[WhiteElo "1421"]
[BlackElo "2347"]

1. e3 g6 2. d4 Bg7 3. c3 d6 4. Be2 Nf6 5. Bd3 O-O 6. h3 e5 7. Nd2 Qe7 8. a3 Rd8
9. d5 Nxd5 10. Ndf3 e4 11. Bxe4 Qxe4 12. Ne2 Nc6 13. O-O Nf6 14. Ng5 Qe7 0-1

[Event "AUTO-OPEN-2904"]
[Site "http://www.queenalice.com/game.php?id=1146613"]
[Date "2013.1.29"]
[Round "1"]
[White "LUKK"]
[Black "henrique16"]
[Result "1-0"]
[WhiteElo "2346"]
[BlackElo "1423"]

1. g4 e6 2. c4 c5 3. Bg2 Nf6 4. g5 Ng4 5. h4 g6 6. d4 Qb6 7. Nf3 Qc6 8. h5 gxh5
9. Rxh5 cxd4 10. Qxd4 e5 11. Qxg4 Qe6 12. Qh4 e4 13. Nd4 Qxc4 14. Qxe4+ Be7 15.
Nd2 Qa6 16. Nf5 1-0

[Event "AUTO-INT-2545"]
[Site "http://www.queenalice.com/game.php?id=1147008"]
[Date "2013.1.30"]
[Round "1"]
[White "kakocarvalho"]
[Black "henrique16"]
[Result "1-0"]
[WhiteElo "1736"]
[BlackElo "1431"]

1. c4 e6 2. Nc3 c6 3. Nf3 Qf6 4. g3 Bb4 5. Bg2 Bc5 6. O-O Nh6 7. e3 Ng4 8. d4
Bb4 9. Bd2 Bd6 10. Ne4 Qe7 11. Nxd6+ Qxd6 12. a3 Qe7 13. Nh4 Qf6 14. Qxg4 h5 15.
Qe2 g6 16. Bc3 Qe7 17. d5 Rh7 18. dxe6 dxe6 19. Rad1 e5 20. Rd2 a6 21. Rfd1 Bg4
22. Rd8+ Qxd8 23. Rxd8+ Kxd8 24. Qd2+ Nd7 25. Bxe5 Ke8 26. Qd6 Rc8 27. Bc3 g5
28. Qd3 Rh6 29. Nf5 Bxf5 30. Qxf5 g4 31. Bb4 c5 32. Bxb7 Rf6 33. Qe4+ Re6 34.
Qd5 cxb4 35. Bxc8 Nf6 36. Qa8 1-0

[Event "AUTO-INT-2545"]
[Site "http://www.queenalice.com/game.php?id=1147009"]
[Date "2013.1.30"]
[Round "1"]
[White "henrique16"]
[Black "kakocarvalho"]
[Result "0-1"]
[WhiteElo "1435"]
[BlackElo "1732"]

1. e3 g6 2. c3 Bg7 3. g3 Nf6 4. Qb3 Nc6 5. Bc4 O-O 6. Nh3 Na5 7. Qa4 Nxc4 8.
Qxc4 d6 9. Nf4 e5 10. Ne2 Be6 11. Qb4 Bd5 12. Rg1 c5 13. Qa4 a6 14. Qd1 Bf3 15.
d3 Qb6 16. c4 Qb4+ 17. Qd2 Qxd2+ 18. Bxd2 Rac8 19. Nec3 Ng4 20. Nd5 Nf6 21. Ne7+
Kh8 22. Nxc8 Rxc8 23. h3 b5 24. cxb5 axb5 25. a3 e4 26. dxe4 Nxe4 27. Ba5 Bxb2
28. Ra2 Be5 29. Nd2 Nxd2 30. Kxd2 c4 31. Rb1 c3+ 32. Kc2 Be4+ 33. Kc1 Bxb1 34.
Kxb1 d5 35. Rc2 d4 0-1

[Event "AUTO-INT-2545"]
[Site "http://www.queenalice.com/game.php?id=1147022"]
[Date "2013.1.30"]
[Round "1"]
[White "henrique16"]
[Black "bernhar"]
[Result "0-1"]
[WhiteElo "1473"]
[BlackElo "1440"]

1. e3 g6 2. b3 b5 3. Nc3 c6 4. Ne4 d5 5. Nc5 e5 6. f3 Bxc5 7. d4 Bd6 8. g4 Na6
9. h3 f5 10. Qd3 Nb4 11. Qe2 Qa5 12. Bd2 Nxc2+ 13. Kd1 Nb4 14. Qe1 Qa3 15. Ke2
Nxa2 16. gxf5 Bxf5 17. b4 exd4 18. exd4 Qd3+ 19. Kf2+ Qe4 20. fxe4 dxe4 21. Rxa2
Nf6 22. Ra6 Kd7 23. Qc1 Rhc8 24. Bg2 Nd5 25. Qb1 e3+ 26. Bxe3 Bxb1 27. Bxd5 cxd5
28. Nf3 Be4 29. Rg1 Rf8 30. Rg3 Bxg3+ 31. Kxg3 Rxf3+ 32. Kg4 Rxe3 33. Kf4 Rf3+
34. Kg5 Rxh3 35. Kf6 Rf8+ 36. Ke5 Bg2 37. Rd6+ Kc7 38. Ke6 Re3# 0-1

[Event "AUTO-INT-2545"]
[Site "http://www.queenalice.com/game.php?id=1147023"]
[Date "2013.1.30"]
[Round "1"]
[White "bernhar"]
[Black "henrique16"]
[Result "1-0"]
[WhiteElo "1457"]
[BlackElo "1456"]

1. d4 d5 2. Nf3 f6 3. g4 g5 4. h4 Bh6 5. h5 Bxg4 6. Nh2 Bxh5 7. f3 Bg6 8. Ng4
Bg7 9. Nc3 c6 10. Na4 b6 11. e4 dxe4 12. c3 exf3 13. Qxf3 Qd7 14. Bh3 Qd6 15.
O-O Nd7 16. Re1 e6 17. b4 Qd5 18. Qxd5 cxd5 19. Rxe6+ Kf7 20. Ne3 Be4 21. Bd2
Nh6 22. Rd6 Nb8 23. Be6+ Ke7 24. Bxd5 Kxd6 25. Bxe4 a5 26. Nc4+ Kd7 27. Naxb6+
Kd8 28. Nxa8 Ng4 29. bxa5 h5 30. Rb1 Na6 31. Rb7 Re8 32. Bc6 Kc8 33. Nd6+ Kd8
34. Nxe8 Bf8 35. Kg2 h4 36. Nxf6 Nxf6 37. Bxg5 Kc8 38. Bxf6 Ba3 39. Nb6# 1-0

[Event "Let's Play Chess!"]
[Site "http://www.queenalice.com/game.php?id=1343941"]
[Date "2015.2.25"]
[Round "-"]
[White "henrique16"]
[Black "Taurus"]
[Result "0-1"]
[WhiteElo "1433"]
[BlackElo "2190"]

1. e3 c5 2. c3 d5 3. c4 Nf6 4. f3 e5 5. Nc3 d4 6. exd4 cxd4 7. Nd5 Nxd5 8. cxd5
Qxd5 9. Qb3 Qa5 10. a3 a6 11. Bc4 Qc7 12. d3 Nc6 13. Qa4 Ra7 14. Qb3 Bd6 15. Nh3
Na5 16. Qc2 Qc6 17. b3 b5 18. b4 Nxc4 19. dxc4 bxc4 20. Ng5 d3 21. Qd2 h6 22.
Qe3 Re7 23. Ne4 Bc7 24. Qa7 Bb6 25. Qb8 O-O 26. Qd6 Qb7 27. Bxh6 Re6 28. Nc5
Rxd6 0-1

[Event "Challenge"]
[Site "http://www.queenalice.com/game.php?id=1346192"]
[Date "2015.3.8"]
[Round "-"]
[White "glaubergouveia"]
[Black "henrique16"]
[Result "1-0"]
[WhiteElo "1526"]
[BlackElo "1517"]

1. e4 e6 2. e5 Nc6 3. Nf3 f6 4. exf6 Qxf6 5. c3 e5 6. Bb5 Nb8 7. Qb3 c6 8. Bc4
d5 9. Bd3 a6 10. c4 d4 11. Be4 Nd7 12. d3 Rb8 13. Bg5 Qf7 14. O-O c5 15. Re1 h6
16. Bh4 g5 17. Bg3 Qf6 18. Nxe5 Nxe5 19. Bxe5 Qf7 20. Bxb8 Be7 21. Qa4+ Bd7 22.
Qb3 Nf6 23. Bd6 Bxd6 24. Bg6+ Kf8 25. Bxf7 Kxf7 26. Qxb7 Rb8 27. Qxa6 Ne8 28.
Rxe8 Rxe8 29. Kf1 Ke7 30. Na3 Bf5 31. Nb5 Rd8 32. Re1+ Kf6 33. Nxd6 Bxd3+ 34.
Kg1 Kg6 35. Nb7+ Kh5 36. Nxd8 1-0

[Event "Challenge"]
[Site "http://www.queenalice.com/game.php?id=1351806"]
[Date "2015.4.5"]
[Round "-"]
[White "henrique16"]
[Black "SAROS"]
[Result "0-1"]
[WhiteElo "1501"]
[BlackElo "1810"]

1. e4 e6 2. Nc3 c6 3. d3 Ne7 4. Qf3 Ng6 5. g3 d5 6. exd5 cxd5 7. d4 Nc6 8. Bb5
Bd7 9. h4 Bb4 10. Nh3 Nxd4 11. Qd3 Nxb5 12. a3 Bxc3+ 13. bxc3 Rc8 0-1